00519nam a2200217Ia 4500008004000000020001800040041000800058082001600066100000800082245006900090260003200159300000800191650001100199650001000210650001700220650001600237650001400253650001600267650000900283700000900292210210b2021 xxu||||| |||| 00| 0 eng d a9789350136348 aeng a332.02 LALU aLAL aUpkars state bank probationary officers: preliminary examination aAgrabUpkar Prakashanc2021 a248 aUpkars astate aprobationary apreliminary aofficers: aexamination abank aJAIN